We shall fight on the beaches- fill in the blanks - Statistics

General Stats
  • This quiz has been taken 30 times
  • The average score is 8 of 18
Answer Stats
Hint Answer % Correct
We shall fight on the _______. beaches
80%
We shall never _________! surrender
80%
The British Empire and the French ________ Republic
68%
whatever the ____ ___ __. cost may be
64%
in the ___. air
60%
We shall defend our ______ island
60%
We shall go on to the ___. end
56%
and in the _______. streets
52%
We shall fight in the _____. hills
48%
We shall fight with growing __________ and growing strength confidence
40%
We shall fight in the ______, fields
40%
We shall fight on the _______-_______. landing-grounds
40%
We shall fight in ______. France
32%
to the utmost of their ________. strength
28%
We shall fight on the ____ ___ ______. seas and oceans
24%
aiding each other like ____ ________ good comrades
16%
will defend to the death their ______ ____ native soil
16%
linked together in their cause and in their ____ need
16%
No matching quizzes found
Score Distribution
Percent of People with Each Score
Percentile by Number Answered
Your Score History
You have not taken this quiz